Multinational Financial Mangement (Record no. 5359)

MARC details
000 -LEADER
fixed length control field 00437nam a22001577a 4500
008 - FIXED-LENGTH DATA ELEMENTS--GENERAL INFORMATION
fixed length control field 170317b xxu||||| |||| 00| 0 eng d
020 ## - INTERNATIONAL STANDARD BOOK NUMBER
International Standard Book Number 978-81-265-1605-6
082 ## - DEWEY DECIMAL CLASSIFICATION NUMBER
Classification number 658.151 SHA
100 ## - MAIN ENTRY--PERSONAL NAME
Personal name SHAPIRO Alan C.
245 ## - TITLE STATEMENT
Title Multinational Financial Mangement
Statement of responsibility, etc. Alan Shapiro
Medium English
250 ## - EDITION STATEMENT
Edition statement 8th ed.
260 ## - PUBLICATION, DISTRIBUTION, ETC. (IMPRINT)
Place of publication, distribution, etc. India
Name of publisher, distributor, etc. Wiley
Date of publication, distribution, etc. 2006
300 ## - PHYSICAL DESCRIPTION
Extent 745p
Dimensions 23cm
650 ## - SUBJECT ADDED ENTRY--TOPICAL TERM
Source of heading or term Multinational Financial Management
942 ## - ADDED ENTRY ELEMENTS (KOHA)
Source of classification or shelving scheme Dewey Decimal Classification
Koha item type BOOKS
Holdings
Withdrawn status Lost status Source of classification or shelving scheme Damaged status Not for loan Home library Current library Date acquired Total Checkouts Full call number Barcode Date last seen Price effective from Koha item type
    Dewey Decimal Classification     Mwanza Mwanza 17/03/2017   658.151 SHA 10000000824 17/03/2017 17/03/2017 BOOKS

IRDP © 2021 :: Managed by ICT Team